LIBRARY & INFORMATION CENTRE, KCAET, TAVANUR

ONLINE PUBLIC ACCESS CATALOGUE (OPAC)

Theory of Mechanisms and Machines / (Record no. 5482)

MARC details
000 -LEADER
fixed length control field 00313cam a2200121ua 4500
082 ## - DEWEY DECIMAL CLASSIFICATION NUMBER
Classification number 621.8
Item number ZIN/TH
100 ## - MAIN ENTRY--AUTHOR NAME
Personal name Zinoviev, V L A .
245 ## - TITLE STATEMENT
Title Theory of Mechanisms and Machines /
250 ## - EDITION STATEMENT
Edition statement 1 /
260 ## - PUBLICATION, DISTRIBUTION, ETC. (IMPRINT)
Place of publication Moscow :
Name of publisher The Higher School Publishing House ,
Year of publication 1980.
300 ## - PHYSICAL DESCRIPTION
Number of Pages 238 ; .
942 ## - ADDED ENTRY ELEMENTS (KOHA)
Koha item type Books
Holdings
Withdrawn status Lost status Damaged status Home library Current library Date acquired Full call number Accession Number Koha item type
      KAUAET KAUAET 07/04/2012 621.8 ZIN/TH 11210 Books
      KAUAET KAUAET 07/04/2012 621.8 ZIN/TH 4800 Books
free website counter